Autoroute A71 - Statistiques

Statistiques générales
  • Ce quiz a été pris 33 fois
  • Le résultat moyen est 23 sur 69
Statistiques - réponses
Indice Réponse % Correct
Sortie 6 Vierzon est
90%
Sortie 7 Bourges
86%
Échangeur A10
76%
Gare de péage Clermont-Barrière
76%
Sortie 15 Clermont nord
76%
Frontière départementale Loiret
76%
Pont Pont sur la Loire
76%
Pont Pont sur le Cher
76%
Pont Pont sur le Cher
76%
Pont Pont sur le Loiret
76%
Frontière départementale Cher
71%
Frontière départementale Cher
71%
Frontière départementale Loir-et-Cher
71%
Frontière départementale Loir-et-Cher
71%
Frontière départementale Allier
67%
Frontière départementale Allier
67%
Frontière régionale Centre-Val de Loire
67%
Frontière départementale Puy-de-Dôme
62%
Échangeur A20
57%
Échangeur A75
57%
Sortie 2 Olivet
57%
Échangeur A85
52%
Échangeur A89
52%
Échangeur A89
52%
Frontière régionale Auvergne-Rhône-Alpes
52%
Sortie 13 Riom
52%
Sortie 8 Saint-Amand-Montrond
48%
Sortie 14 Gerzat
38%
Sortie 1 Orléans Centre
38%
Échangeur A711
33%
Échangeur A79 (RCEA)
33%
Sortie 3 Lamotte-Beuvron
33%
Aire de service Le Centre de la France
33%
Aire de service Le Centre de la France
33%
Sortie 4 Salbris
33%
Aire de service La Ferté-Saint-Aubin
29%
Échangeur A714 (RCEA)
24%
Sortie 9 Forêt de Tronçais
24%
Sortie 11 Montmarault
24%
Échangeur A710
19%
Échangeur A719
14%
Pont Pont sur la Sioule
14%
Aire de repos Quincy
14%
Aire de service Chaumont-sur-Tharonne
10%
Sortie 12.1 Combronde
10%
Aire de repos Vallon-en-Sully
10%
Aire de service Bourges - Marmagne
5%
Aire de repos La Briganderie
5%
Aire de service L'Allier
5%
Aire de service L'Allier
5%
Sortie 16 Le Brézet
5%
Aire de service Les Volcans d'Auvergne
5%
Aire de service Salbris - la Loge
5%
Aire de service Salbris - Theillay
5%
Pont Viaduc du Venant
5%
Aire de service Bourges - Sainte-Thorette
0%
Aire de repos Chantelle en Bourbonnais
0%
Aire de repos La Bouble
0%
Aire de repos La Chaussée de César
0%
Aire de repos La Saulot
0%
Aire de repos Le Bois aux Dames
0%
Aire de repos Le Bois de Bailly
0%
Aire de repos Le Bois du Télégraphe
0%
Aire de repos Le Gîte aux Loups
0%
Aire de repos Le Grand Meaulnes
0%
Aire de repos Les Maremberts
0%
Aire de repos L'Étang du Maras
0%
Aire de repos Montpertuis
0%
Aire de repos Pessat-Villeneuve
0%
Aucun quiz correspondant
Distribution des résultats
% des personnes avec chaque résultat
Percentile par nombre de réponses
Votre historique - résultats
Vous n’avez pas pris ce quiz